Language Quiz

Random Language or State Quiz

State Motto Languages Quiz Stats

Quiz Updated Aug 21, 2012

Also try: State by Motto
Challenge
Share
Tweet
Embed
Score 0/8 Timer 01:00
5 Plays Today
Number of States Language % Correct
24English
98.5%
1Spanish
97%
1French
95.8%
23Latin
88.9%
1Italian
57%
1Greek
45.5%
1Hawaiian
23.1%
1Chinook Jargon
2.5%

You're not logged in!

Compare scores with friends on all Sporcle quizzes.
Join for Free
OR
Log In

You Might Also Like...

Show Comments

Extras

Top Quizzes Today


Score Distribution

Your Account Isn't Verified!

In order to create a playlist on Sporcle, you need to verify the email address you used during registration. Go to your Sporcle Settings to finish the process.

Report this User

Report this user for behavior that violates our Community Guidelines.

Details: